| 000 | 00647nam a22002177a 4500 | ||
|---|---|---|---|
| 005 | 20130430143128.0 | ||
| 008 | 130422b xxu||||| |||| 00| 0 eng d | ||
| 010 | _aENG-106916 | ||
| 020 |
_a9789350515976 _c90.00 |
||
| 035 | _aEN-90449 | ||
| 037 | _bDBAD/PUB | ||
| 040 |
_aDPL _bEng |
||
| 082 | _a371.9046 | ||
| 100 | _aRao, Usha | ||
| 245 |
_aInclusive education / _cby Usha Rao |
||
| 260 |
_aMumbai _bHimalaya Publishing House _c2012 |
||
| 270 |
_aRamdoot, Dr. Bhalerao Marg, Girgaon _bMumbai _e400004 |
||
| 300 |
_a105p. _c22cm(pbk) |
||
| 500 | _aIncludes bibliographical references | ||
| 942 |
_2ddc _cEN _h371.9046 _mRAO |
||
| 999 |
_c74804 _d74804 |
||